000 00354pab a2200145 454500
008 180718b2000 xxu||||| |||| 00| 0 eng d
100 _aJethra, B.D.
245 _aExport orientation for small and medium enterprises
260 _c2000
300 _ap.14-16,27
362 _aSep
650 _aSmall scale industry
773 _aYojana
909 _a45937
999 _c45937
_d45937